[Event "Manila AQ Prime op 3rd"]
[Site "Manila"]
[Date "2023.11.02"]
[Round "4"]
[White "Dela Cruz, Noel"]
[Black "Bacojo, Mark Jay"]
[Result "0-1"]
[WhiteElo "2171"]
[BlackElo "2335"]
[PlyCount "76"]
[EventDate "2023.10.28"]
[EventType "swiss"]
[EventRounds "9"]
[EventCountry "PHI"]
[SourceTitle "CB46_2023"]
[SourceDate "2023.11.15"]
[SourceVersion "1"]
[SourceVersionDate "2023.11.15"]
[SourceQuality "1"]

1. e4 c5 2. Nf3 g6 3. d4 cxd4 4. Nxd4 Bg7 5. Nc3 Nc6 6. Be3 Nf6 7. Bc4 0-0 8. Bb3 a5 9. f3 Re8 10. Ndb5 d6 11. Na4 Ra6 12. c4 b6 13. Qd2 Be6 14. 0-0 Nd7 15. Nac3 Nce5 16. Na3 Nc5 17. Nd5 Qd7 18. Bc2 f5 19. exf5 gxf5 20. Rad1 Bf7 21. b3 e6 22. Nxb6 Rxb6 23. Bxc5 dxc5 24. Qxd7 Nxd7 25. Rxd7 a4 26. Nb5 axb3 27. axb3 Ra8 28. Rfd1 Bf6 29. Rc7 Ra2 30. Bd3 Rb2 31. Bf1 Rb8 32. Rxc5 Ra8 33. Rc7 Raa2 34. c5 Be5 35. Nd6 Rd2 36. Re1 Bd4+ 37. Kh1 Bh5 38. c6 Bxf3 0-1

[Event "Manila AQ Prime op 3rd"]
[Site "Manila"]
[Date "2023.10.29"]
[Round "3"]
[White "Santos, Kim Kenneth"]
[Black "Dela Cruz, Noel"]
[Result "0-1"]
[WhiteElo "1847"]
[BlackElo "2171"]
[PlyCount "100"]
[EventDate "2023.10.28"]
[EventType "swiss"]
[EventRounds "9"]
[EventCountry "PHI"]
[SourceTitle "CB46_2023"]
[SourceDate "2023.11.15"]
[SourceVersion "1"]
[SourceVersionDate "2023.11.15"]
[SourceQuality "1"]

1. e4 c5 2. c3 d5 3. exd5 Qxd5 4. d4 Nf6 5. Be3 Bg4 6. f3 cxd4 7. Qxd4 Qxd4 8. cxd4 Bd7 9. Nc3 e6 10. Bc4 Bb4 11. Nge2 Nc6 12. a3 Ba5 13. 0-0 0-0 14. b4 Bb6 15. Na4 Bxd4 16. Nxd4 Nxd4 17. Bxd4 Bxa4 18. Bc5 Rfd8 19. Rac1 b6 20. Be3 h6 21. Ba6 Rd7 22. Bf4 Nd5 23. Bg3 Rad8 24. Rfe1 Ne7 25. Bc7 Re8 26. Bf4 g5 27. Bg3 Kg7 28. h3 Bc6 29. Red1 Red8 30. Be2 f6 31. Kf1 e5 32. Rxd7 Rxd7 33. Be1 Ba4 34. Kf2 Nf5 35. Rc3 Nd4 36. Bd3 Bb5 37. g4 Bxd3 38. Rxd3 Kf7 39. h4 Rc7 40. hxg5 hxg5 41. Rc3 Rxc3 42. Bxc3 b5 43. Ke3 Nc6 44. Ke4 Ke6 45. Bd2 a6 46. Be3 Ne7 47. Bc5 f5+ 48. gxf5+ Nxf5 49. Bf2 Nd6+ 50. Kd3 Nc4 0-1

[Event "Manila AQ Prime op 3rd"]
[Site "Manila"]
[Date "2023.10.28"]
[Round "1"]
[White "Rosaupan, Jan Lei Kian"]
[Black "Dela Cruz, Noel"]
[Result "0-1"]
[WhiteElo "1447"]
[BlackElo "2171"]
[PlyCount "50"]
[EventDate "2023.10.28"]
[EventType "swiss"]
[EventRounds "9"]
[EventCountry "PHI"]
[SourceTitle "CB46_2023"]
[SourceDate "2023.11.15"]
[SourceVersion "1"]
[SourceVersionDate "2023.11.15"]
[SourceQuality "1"]

1. e4 c5 2. Nf3 d6 3. d4 cxd4 4. Nxd4 Nf6 5. Bd3 Nc6 6. Nb3 g6 7. Nc3 Bg7 8. Be3 0-0 9. Qd2 a5 10. Bh6 Bxh6 11. Qxh6 Qb6 12. Qd2 a4 13. Nc1 Qxb2 14. Rb1 Qa3 15. Rb5 d5 16. exd5 Nd4 17. Rb1 Qd6 18. Bc4 Qc5 19. Bb5 Nxd5 20. N1e2 Nxc3 21. Nxc3 Rd8 22. Bd3 Bf5 23. Rc1 Nxc2+ 24. Rxc2 Rxd3 25. Qc1 Rc8 0-1

[Event "Olongapo City Puregold op"]
[Site "Olongapo City"]
[Date "2015.11.20"]
[Round "8"]
[White "Pascua, Haridas"]
[Black "Dela Cruz, Noel"]
[Result "1/2-1/2"]
[WhiteElo "2462"]
[BlackElo "2260"]
[PlyCount "60"]
[EventDate "2015.11.16"]
[EventType "game"]
[EventRounds "10"]
[EventCountry "PHI"]
[SourceTitle "CBM 169 Extra"]
[Source "ChessBase"]
[SourceDate "2015.12.18"]
[SourceVersion "1"]
[SourceVersionDate "2015.12.18"]
[SourceQuality "1"]

1. c4 Nf6 2. g3 g6 3. Bg2 Bg7 4. Nc3 c5 5. e3 0-0 6. Nge2 Nc6 7. d4 d6 8. 0-0 Bg4 9. h3 Bxe2 10. Nxe2 Rc8 11. d5 Ne5 12. Qc2 a6 13. f4 Ned7 14. Nc3 Rb8 15. a4 b6 16. e4 Ne8 17. Re1 Nc7 18. Qd3 b5 19. axb5 axb5 20. cxb5 Nxb5 21. Nxb5 Qb6 22. Bf1 c4+ 23. Be3 cxd3 24. Bxb6 Rxb6 25. Bxd3 Nc5 26. Bc4 Rfb8 27. Ra5 Bxb2 28. Re2 Bg7 29. Kg2 R6b7 30. Kh2 Rb6 1/2-1/2

[Event "Olongapo City Puregold op"]
[Site "Olongapo City"]
[Date "2015.11.18"]
[Round "5"]
[White "Dela Cruz, Noel"]
[Black "Abelgas, Roel"]
[Result "1/2-1/2"]
[WhiteElo "2260"]
[BlackElo "2316"]
[PlyCount "57"]
[EventDate "2015.11.16"]
[EventType "game"]
[EventRounds "10"]
[EventCountry "PHI"]
[SourceTitle "CBM 169 Extra"]
[Source "ChessBase"]
[SourceDate "2015.12.18"]
[SourceVersion "1"]
[SourceVersionDate "2015.12.18"]
[SourceQuality "1"]

1. e4 c6 2. d4 d5 3. Nd2 dxe4 4. Nxe4 Bf5 5. Ng3 Bg6 6. h4 h6 7. Nf3 Nd7 8. h5 Bh7 9. Bd3 Bxd3 10. Qxd3 Ngf6 11. Bf4 Qa5+ 12. Bd2 Qc7 13. 0-0-0 e6 14. Ne4 0-0-0 15. g3 Nxe4 16. Qxe4 Nf6 17. Qe2 Bd6 18. c4 c5 19. Bc3 Rhe8 20. Kb1 a6 21. a3 cxd4 22. Nxd4 Kb8 23. Rc1 Ka8 24. Ka1 Kb8 25. Kb1 Ka8 26. Ka1 Kb8 27. Kb1 Ka8 28. Ka1 Kb8 29. Kb1 1/2-1/2

[Event "Olongapo City Puregold op"]
[Site "Olongapo City"]
[Date "2015.11.18"]
[Round "4"]
[White "Nolte, Rolando"]
[Black "Dela Cruz, Noel"]
[Result "1-0"]
[WhiteElo "2417"]
[BlackElo "2260"]
[PlyCount "69"]
[EventDate "2015.11.16"]
[EventType "game"]
[EventRounds "10"]
[EventCountry "PHI"]
[SourceTitle "CBM 169 Extra"]
[Source "ChessBase"]
[SourceDate "2015.12.18"]
[SourceVersion "1"]
[SourceVersionDate "2015.12.18"]
[SourceQuality "1"]

1. e4 c5 2. Nf3 d6 3. d4 cxd4 4. Nxd4 Nf6 5. Nc3 Nc6 6. Bg5 e6 7. Qd2 a6 8. 0-0-0 Bd7 9. f4 b5 10. Bxf6 gxf6 11. Kb1 Qb6 12. Nxc6 Bxc6 13. Qe1 Be7 14. Bd3 Qc5 15. f5 b4 16. Ne2 a5 17. fxe6 fxe6 18. Nf4 Qe5 19. Rf1 Rc8 20. Qh4 a4 21. Ba6 Rc7 22. Nd3 Qa5 23. Bc4 Bd7 24. e5 dxe5 25. Qg4 Rxc4 26. Qxc4 Rg8 27. Qe4 Rg6 28. h4 b3 29. h5 bxc2+ 30. Kxc2 Rg5 31. Qxh7 Rxg2+ 32. Kb1 Kd8 33. h6 a3 34. Qe4 Rh2 35. Rh1 1-0

[Event "Olongapo City Puregold op"]
[Site "Olongapo City"]
[Date "2015.11.17"]
[Round "2"]
[White "Liu, Xiangyi"]
[Black "Dela Cruz, Noel"]
[Result "1-0"]
[WhiteElo "2423"]
[BlackElo "2260"]
[PlyCount "55"]
[EventDate "2015.11.16"]
[EventType "game"]
[EventRounds "10"]
[EventCountry "PHI"]
[SourceTitle "CBM 169 Extra"]
[Source "ChessBase"]
[SourceDate "2015.12.18"]
[SourceVersion "1"]
[SourceVersionDate "2015.12.18"]
[SourceQuality "1"]

1. e4 c5 2. Nf3 d6 3. d4 cxd4 4. Qxd4 a6 5. c4 Nc6 6. Qe3 Nf6 7. Nc3 g6 8. h3 Bg7 9. Be2 0-0 10. 0-0 Nd7 11. Rb1 a5 12. b3 Qb6 13. Nd5 Qxe3 14. Bxe3 Nc5 15. e5 Ne4 16. exd6 Nxd6 17. Rbd1 Ne4 18. Nd4 Bxd4 19. Bxd4 e5 20. Be3 f5 21. Bf3 Kg7 22. Bxe4 fxe4 23. Nc3 Nb4 24. Rd2 Re8 25. Nxe4 a4 26. Nd6 Rd8 27. Bg5 Rf8 28. Be7 1-0

[Event "Olongapo City Puregold op"]
[Site "Olongapo City"]
[Date "2015.11.16"]
[Round "1"]
[White "Dela Cruz, Noel"]
[Black "Kotanjian, Tigran"]
[Result "0-1"]
[WhiteElo "2260"]
[BlackElo "2479"]
[PlyCount "100"]
[EventDate "2015.11.16"]
[EventType "game"]
[EventRounds "10"]
[EventCountry "PHI"]
[SourceTitle "CBM 169 Extra"]
[Source "ChessBase"]
[SourceDate "2015.12.18"]
[SourceVersion "1"]
[SourceVersionDate "2015.12.18"]
[SourceQuality "1"]

1. e4 c5 2. Nf3 Nc6 3. d4 cxd4 4. Nxd4 e6 5. Nc3 a6 6. Be3 Nf6 7. f4 Bb4 8. Nxc6 bxc6 9. e5 Nd5 10. Bd2 Qb6 11. Bd3 0-0 12. Qe2 Rb8 13. a3 Nxc3 14. bxc3 Ba5 15. Qe4 g6 16. Ke2 Bb7 17. Qe3 c5 18. c4 Bxd2 19. Kxd2 d5 20. exd6 Bxg2 21. Rhg1 Ba8 22. Rg5 Qxd6 23. Rxc5 Rbc8 24. Rxc8 Rxc8 25. Qe5 Qb6 26. Re1 Bf3 27. h3 Bg2 28. Re3 Rc5 29. Qd4 Qa5+ 30. Qc3 Qd8 31. Qb4 Qc7 32. Re5 Rc6 33. c5 Bd5 34. Qd4 Rxc5 35. c4 f6 36. Re3 Bxc4 37. Qxf6 Qd6 38. Ke2 Bxd3+ 39. Rxd3 Rc2+ 40. Ke3 Qc5+ 41. Kf3 Qf2+ 42. Kg4 Qe2+ 43. Rf3 Rc8 44. Kg3 Qe1+ 45. Kg4 Rf8 46. Qd4 Rf5 47. Rc3 h5+ 48. Kf3 Qf1+ 49. Kg3 h4+ 50. Kg4 Qg2+ 0-1

[Event "Quezon City Puregold op"]
[Site "Quezon City"]
[Date "2014.12.17"]
[Round "5"]
[White "Dela Cruz, Noel"]
[Black "Suede, Mikee Charlene"]
[Result "1/2-1/2"]
[WhiteElo "2323"]
[BlackElo "1938"]
[PlyCount "105"]
[EventDate "2014.12.14"]
[EventType "swiss"]
[EventRounds "9"]
[EventCountry "PHI"]
[SourceTitle "EXT 2016"]
[Source "ChessBase"]
[SourceDate "2015.10.08"]
[SourceVersion "1"]
[SourceVersionDate "2015.10.08"]
[SourceQuality "1"]

1. Nf3 d6 2. g3 Nd7 3. Bg2 g6 4. 0-0 Bg7 5. d4 Ngf6 6. b3 0-0 7. Bb2 c6 8. Nbd2 Qc7 9. c4 Re8 10. Qc2 Nf8 11. e4 h6 12. Rad1 Bd7 13. Rfe1 Rad8 14. h3 Qc8 15. Kh2 N6h7 16. d5 e5 17. dxe6 Nxe6 18. Bxg7 Kxg7 19. Qc3+ Kg8 20. Qe3 Neg5 21. h4 Nf6 22. Qf4 Nh5 23. Qe3 Nf6 24. Qd4 Ng4+ 25. Kg1 c5 26. Qc3 Nxf3+ 27. Nxf3 Bc6 28. Nh2 Nxh2 29. Kxh2 Qe6 30. Re3 Qe5 31. Qd2 g5 32. hxg5 hxg5 33. Rd3 Re6 34. Kg1 Rg6 35. Qe2 Kg7 36. Qf3 Rh8 37. Qf5 Rgh6 38. Qxe5+ dxe5 39. f3 Rh2 40. g4 Kf6 41. Kf2 Ke7 42. R1d2 R2h6 43. Ke3 Rf8 44. Rd1 Rhh8 45. R3d2 Rd8 46. Rxd8 Rxd8 47. Rxd8 Kxd8 48. Bf1 Kc7 49. Kd2 a6 50. Kc3 b5 51. cxb5 axb5 52. b4 Kb6 53. a3 1/2-1/2

[Event "Quezon City op"]
[Site "Quezon City"]
[Date "2014.12.11"]
[Round "9"]
[White "Dela Cruz, Noel"]
[Black "Frayna, Janelle Mae"]
[Result "1/2-1/2"]
[WhiteElo "2323"]
[BlackElo "2167"]
[PlyCount "67"]
[EventDate "2014.12.06"]
[EventType "swiss"]
[EventRounds "10"]
[EventCountry "PHI"]
[SourceTitle "CBM 163 Extra"]
[Source "ChessBase"]
[SourceDate "2014.12.23"]
[SourceVersion "1"]
[SourceVersionDate "2014.12.23"]
[SourceQuality "1"]

1. Nf3 d5 2. g3 Nf6 3. Bg2 g6 4. 0-0 Bg7 5. d4 0-0 6. c4 c6 7. cxd5 cxd5 8. Ne5 Nbd7 9. Nc3 e6 10. f4 b6 11. Nb5 Bb7 12. b3 Nxe5 13. fxe5 Ne4 14. Ba3 Re8 15. Bxe4 dxe4 16. Nd6 Re7 17. Qd2 Rd7 18. Qf4 Qe7 19. Rac1 Bd5 20. Rc2 h6 21. h4 g5 22. Qg4 f5 23. exf6 Bxf6 24. e3 Bg7 25. Rf7 Qd8 26. Rxd7 Qxd7 27. hxg5 hxg5 28. Qh5 Bf8 29. Rf2 Qh7 30. Qxg5+ Qg7 31. Qh5 Qh7 32. Qg5+ Qg7 33. Qh5 Qh7 34. Qg5+ 1/2-1/2

[Event "Hong Kong op"]
[Site "Hong Kong"]
[Date "2014.10.02"]
[Round "4"]
[White "Leong, Ignatius"]
[Black "Dela Cruz, Noel"]
[Result "0-1"]
[WhiteElo "2152"]
[BlackElo "2323"]
[PlyCount "86"]
[EventDate "2014.10.01"]
[EventType "swiss"]
[EventRounds "9"]
[EventCountry "HKG"]
[SourceTitle "CBM 162 Extra"]
[Source "ChessBase"]
[SourceDate "2014.10.17"]
[SourceVersion "1"]
[SourceVersionDate "2014.10.17"]
[SourceQuality "1"]

1. d4 Nf6 2. Nf3 g6 3. Bg5 Bg7 4. e3 0-0 5. Nbd2 d5 6. h3 Nbd7 7. c3 Re8 8. Be2 e5 9. dxe5 Nxe5 10. 0-0 c6 11. Bf4 Nxf3+ 12. Bxf3 Qb6 13. Qb3 Bf5 14. Qxb6 axb6 15. a3 Nd7 16. Bg4 Bxg4 17. hxg4 Nc5 18. Rab1 b5 19. Rfd1 Ra4 20. g5 Ne6 21. g3 Bf8 22. Nf3 Be7 23. Kg2 h6 24. gxh6 g5 25. Be5 f6 26. Bd4 Kh7 27. c4 Rxc4 28. Bc3 Kxh6 29. Nd2 Ra4 30. Nf3 Kg6 31. Nd4 Nxd4 32. Rxd4 Rxd4 33. Bxd4 g4 34. b4 Bd6 35. Rb3 Kf5 36. Bb6 Ke4 37. Bd4 Be5 38. Bc5 Ra8 39. Bb6 Ra6 40. Bc5 b6 41. Be7 Ra7 42. Bd8 Rb7 43. Rb1 c5 0-1

[Event "Kuala Lumpur op 10th"]
[Site "Kuala Lumpur"]
[Date "2013.08.14"]
[Round "6"]
[White "Dela Cruz, Noel"]
[Black "Dahale, Atul"]
[Result "1/2-1/2"]
[WhiteElo "2343"]
[BlackElo "2109"]
[PlyCount "60"]
[EventDate "2013.08.10"]
[EventType "swiss"]
[EventRounds "9"]
[EventCountry "MAS"]
[SourceTitle "CBM 156 Extra"]
[Source "ChessBase"]
[SourceDate "2013.10.22"]
[SourceVersion "1"]
[SourceVersionDate "2013.10.22"]
[SourceQuality "1"]

1. Nf3 Nf6 2. g3 d5 3. Bg2 c6 4. 0-0 Bg4 5. d4 Nbd7 6. Nbd2 e6 7. Re1 Bd6 8. e4 dxe4 9. Nxe4 Nxe4 10. Rxe4 Bf5 11. Re1 0-0 12. Nh4 Bg6 13. Nxg6 hxg6 14. c3 Re8 15. Qb3 Qc7 16. Be3 Nf6 17. Rad1 Rad8 18. Bg5 Be7 19. Re2 Nd5 20. Bxe7 Rxe7 21. Rde1 Rde8 22. Qa3 a6 23. c4 Nb6 24. Qc5 Rd8 25. b3 Red7 26. Rd2 Nc8 27. Red1 Ne7 28. Be4 Qd6 29. Qxd6 Rxd6 30. f4 Nf5 1/2-1/2

[Event "Kuala Lumpur op 10th"]
[Site "Kuala Lumpur"]
[Date "2013.08.12"]
[Round "5"]
[White "Lu, Shanglei"]
[Black "Dela Cruz, Noel"]
[Result "1-0"]
[WhiteElo "2538"]
[BlackElo "2343"]
[PlyCount "97"]
[EventDate "2013.08.10"]
[EventType "swiss"]
[EventRounds "9"]
[EventCountry "MAS"]
[SourceTitle "CBM 156 Extra"]
[Source "ChessBase"]
[SourceDate "2013.10.22"]
[SourceVersion "1"]
[SourceVersionDate "2013.10.22"]
[SourceQuality "1"]

1. e4 c5 2. Nf3 d6 3. d4 cxd4 4. Nxd4 Nf6 5. Nc3 Nc6 6. Bc4 e6 7. Be3 a6 8. Bb3 Be7 9. Qe2 Qc7 10. 0-0-0 Na5 11. g4 b5 12. g5 Nxb3+ 13. axb3 Nd7 14. Kb1 Bb7 15. f3 Rc8 16. h4 b4 17. Na2 g6 18. h5 Rg8 19. hxg6 hxg6 20. Qd2 e5 21. Ne2 a5 22. c3 Nc5 23. cxb4 axb4 24. Qxb4 Rb8 25. Qc3 Ba6 26. Nec1 Ne6 27. Qd2 Bb7 28. Nc3 Bc6 29. Rh7 Qd8 30. Rg1 Qa5 31. Qd3 Nc5 32. Qc4 Rf8 33. Nd3 Bb5 34. Nxb5 Qxb5 35. Bxc5 dxc5 36. Kc2 Qxc4+ 37. bxc4 Bd6 38. Ra1 Rb7 39. Ra6 Ke7 40. f4 exf4 41. e5 Bb8 42. Rxg6 Rd7 43. Rf6 Rxd3 44. Kxd3 Bxe5 45. Rf5 Bxb2 46. Ke4 Bd4 47. g6 Ke6 48. Rhxf7 Rg8 49. Ra7 1-0

[Event "Kuala Lumpur op 10th"]
[Site "Kuala Lumpur"]
[Date "2013.08.11"]
[Round "3"]
[White "Docena, Jerad"]
[Black "Dela Cruz, Noel"]
[Result "1/2-1/2"]
[WhiteElo "2125"]
[BlackElo "2343"]
[PlyCount "66"]
[EventDate "2013.08.10"]
[EventType "swiss"]
[EventRounds "9"]
[EventCountry "MAS"]
[SourceTitle "CBM 156 Extra"]
[Source "ChessBase"]
[SourceDate "2013.10.22"]
[SourceVersion "1"]
[SourceVersionDate "2013.10.22"]
[SourceQuality "1"]

1. e4 c5 2. Nf3 d6 3. d4 cxd4 4. Nxd4 Nf6 5. Nc3 Nc6 6. Bg5 e6 7. Qd2 a6 8. 0-0-0 Bd7 9. f4 b5 10. Bxf6 gxf6 11. Kb1 Qb6 12. Nxc6 Bxc6 13. Qe1 Be7 14. Bd3 b4 15. Ne2 Qc5 16. f5 a5 17. fxe6 fxe6 18. Nf4 Qe5 19. Rf1 Rc8 20. Qd2 Rc7 21. Rde1 a4 22. Bc4 Bd7 23. b3 Rg8 24. g3 Rg5 25. Qxb4 d5 26. Qb8+ Rc8 27. Qxe5 fxe5 28. exd5 exf4 29. gxf4 Rf5 30. Rg1 exd5 31. Rg7 Rf7 32. Rg8+ Rf8 33. Rg7 Rf7 1/2-1/2

[Event "Asian Continental op 12th"]
[Site "Manila"]
[Date "2013.05.20"]
[Round "3"]
[White "Barbosa, Oliver"]
[Black "Dela Cruz, Noel"]
[Result "1-0"]
[WhiteElo "2566"]
[BlackElo "2331"]
[PlyCount "107"]
[EventDate "2013.05.18"]
[EventType "swiss"]
[EventRounds "9"]
[EventCountry "PHI"]
[SourceTitle "CBM 154 Extra"]
[Source "ChessBase"]
[SourceDate "2013.06.25"]
[SourceVersion "2"]
[SourceVersionDate "2013.06.25"]
[SourceQuality "1"]

1. Nf3 Nf6 2. c4 g6 3. Nc3 d5 4. cxd5 Nxd5 5. Qb3 Nb6 6. d4 Bg7 7. e4 0-0 8. Be3 Bg4 9. 0-0-0 a5 10. h3 a4 11. Qa3 Bxf3 12. gxf3 Nc6 13. Nb5 e6 14. h4 h5 15. f4 Re8 16. Qc3 Bf8 17. Kb1 a3 18. b3 Bg7 19. Be2 Qd7 20. Rhg1 Rec8 21. Qc5 Ra5 22. Qc3 Raa8 23. Qc1 Ne7 24. Nxa3 Ra5 25. Rg5 Rxg5 26. fxg5 Ra8 27. Nc2 Nbc8 28. Bf4 Nd6 29. Qe3 Qc6 30. f3 Qb6 31. Qc3 Nc6 32. Be3 Qa7 33. a4 Qb8 34. Bf4 Qa7 35. Bc1 Rc8 36. Bb2 Ne7 37. Qe3 Qa5 38. Ne1 Qa7 39. Qc1 Qb6 40. Qc3 Qa7 41. Qc5 Qb8 42. Nd3 b6 43. Qc2 Nb7 44. Ne5 Rd8 45. Bb5 c5 46. Nd7 Qf4 47. dxc5 Bxb2 48. c6 Nxc6 49. Bxc6 Rc8 50. Kxb2 Na5 51. Qc3 Qc7 52. Nf6+ Kf8 53. Qb4+ Kg7 54. Ne8+ 1-0

[Event "Manila PSC Cup"]
[Site "Manila"]
[Date "2013.01.20"]
[Round "9"]
[White "Abelgas, Roel"]
[Black "Dela Cruz, Noel"]
[Result "1-0"]
[WhiteElo "2170"]
[BlackElo "2371"]
[PlyCount "81"]
[EventDate "2013.01.14"]
[EventType "swiss"]
[EventRounds "9"]
[EventCountry "PHI"]
[SourceTitle "EXT 2014"]
[Source "ChessBase"]
[SourceDate "2013.11.20"]
[SourceVersion "1"]
[SourceVersionDate "2013.11.20"]
[SourceQuality "1"]

1. d4 Nf6 2. c4 g6 3. Nc3 d5 4. Nf3 Bg7 5. e3 0-0 6. b4 Be6 7. Qb3 h6 8. Bb2 a5 9. b5 dxc4 10. Bxc4 Bxc4 11. Qxc4 Nbd7 12. a4 Rc8 13. 0-0 c6 14. bxc6 Rxc6 15. Qb3 Qb8 16. Nb5 Rfc8 17. h3 e6 18. Rab1 Ne4 19. Qd3 Nd6 20. Nxd6 Rxd6 21. Ba3 Rdc6 22. d5 Rc3 23. Qb5 Rxa3 24. Qxd7 Rc7 25. Qb5 exd5 26. Qxa5 Rd7 27. Rfd1 Qe8 28. Rb5 Kh7 29. Rbxd5 Rxd5 30. Qxd5 Rxa4 31. Qxb7 Re4 32. Rd7 Kg8 33. Rxf7 Qxf7 34. Qxe4 Kh7 35. h4 Kg8 36. g4 Bf6 37. Kg2 Bg7 38. Nd4 Bf6 39. Nf3 Bg7 40. g5 hxg5 41. Nxg5 1-0

[Event "Manila PSC Cup"]
[Site "Manila"]
[Date "2013.01.17"]
[Round "5"]
[White "Lim, Kian Hwa"]
[Black "Dela Cruz, Noel"]
[Result "0-1"]
[WhiteElo "1825"]
[BlackElo "2371"]
[PlyCount "58"]
[EventDate "2013.01.14"]
[EventType "swiss"]
[EventRounds "9"]
[EventCountry "PHI"]
[SourceTitle "CBM 152 Extra"]
[Source "ChessBase"]
[SourceDate "2013.02.25"]
[SourceVersion "1"]
[SourceVersionDate "2013.02.25"]
[SourceQuality "1"]

1. e4 c5 2. Nc3 d6 3. g3 g6 4. Bg2 Bg7 5. d3 Nc6 6. Be3 Rb8 7. Qd2 b5 8. Nge2 b4 9. Nd1 Qb6 10. 0-0 Bd7 11. h3 e6 12. g4 h5 13. g5 Nge7 14. h4 a5 15. Ng3 a4 16. Rb1 Qa5 17. f4 a3 18. f5 Be5 19. Qf2 Nd4 20. fxg6 fxg6 21. Qf7+ Kd8 22. Bxd4 Bxd4+ 23. Kh1 Rg8 24. Rf6 axb2 25. Nxb2 Qxa2 26. Rbf1 Bxb2 27. Nf5 gxf5 28. exf5 Be5 29. fxe6 Qxc2 0-1

[Event "Manila PSC Cup"]
[Site "Manila"]
[Date "2013.01.15"]
[Round "2"]
[White "Dela Cruz, Noel"]
[Black "Mariano, Nelson III"]
[Result "0-1"]
[WhiteElo "2371"]
[BlackElo "2251"]
[PlyCount "100"]
[EventDate "2013.01.14"]
[EventType "swiss"]
[EventRounds "9"]
[EventCountry "PHI"]
[SourceTitle "CBM 152 Extra"]
[Source "ChessBase"]
[SourceDate "2013.02.25"]
[SourceVersion "1"]
[SourceVersionDate "2013.02.25"]
[SourceQuality "1"]

1. e4 d5 2. exd5 Qxd5 3. Nc3 Qa5 4. d4 Nf6 5. Nf3 Nc6 6. Bd2 a6 7. Bc4 Qh5 8. h3 Bg4 9. Be2 0-0-0 10. 0-0 Bxf3 11. Bxf3 Qf5 12. Bxc6 bxc6 13. Ne2 e6 14. c4 Qd3 15. Rc1 Ne4 16. Be3 Qxd1 17. Rfxd1 Bd6 18. a3 Rhg8 19. Kf1 Rge8 20. b4 f5 21. Rd3 h6 22. Rcd1 g5 23. Bc1 Bf8 24. h4 Be7 25. f3 Nd6 26. c5 Nf7 27. h5 Bf6 28. Bb2 Rd7 29. Nc1 Red8 30. Nb3 e5 31. Na5 exd4 32. Nxc6 Ne5 33. Nxe5 Bxe5 34. Re1 Rd5 35. Re2 Kb7 36. g4 Kc6 37. gxf5 Rf8 38. Re4 Rxf5 39. Ke2 Rf4 40. Rxf4 gxf4 41. Bc1 Rd7 42. Rd1 Rg7 43. a4 Kd5 44. Kd3 Rg2 45. Rf1 c6 46. Bd2 Rh2 47. Rg1 Rf2 48. Rg6 Rxf3+ 49. Ke2 Rh3 50. Rxh6 f3+ 0-1

[Event "Manila Campomanes Memorial op"]
[Site "Manila"]
[Date "2010.08.31"]
[Round "6"]
[White "Dela Cruz, Noel"]
[Black "Padmini, Rout"]
[Result "1/2-1/2"]
[WhiteElo "2392"]
[BlackElo "2275"]
[PlyCount "83"]
[EventDate "2010.08.28"]
[EventType "swiss"]
[EventRounds "9"]
[EventCountry "PHI"]
[SourceTitle "CBM 138 Extra"]
[Source "ChessBase"]
[SourceDate "2010.10.29"]
[SourceVersion "1"]
[SourceVersionDate "2010.10.29"]
[SourceQuality "1"]

1. e4 c5 2. Nf3 d6 3. d4 cxd4 4. Nxd4 Nf6 5. Nc3 a6 6. Be3 e5 7. Nb3 Be7 8. f3 Be6 9. Qd2 0-0 10. 0-0-0 a5 11. a4 Nc6 12. Qf2 Qb8 13. g4 Nb4 14. g5 Nh5 15. Kb1 Rc8 16. h4 b6 17. Bb5 Ra7 18. Bxb6 Rb7 19. Be3 Bc4 20. Nxa5 Bxb5 21. axb5 Rxb5 22. Ba7 Qc7 23. Nxb5 Qxa5 24. Na3 Nf4 25. Rd2 d5 26. Qb6 Qxb6 27. Bxb6 d4 28. Rhd1 Na6 29. Ka2 g6 30. Rh2 Nb4+ 31. Kb1 h6 32. gxh6 Kh7 33. Ba5 Kxh6 34. Bxb4 Bxb4 35. Ka1 Ne6 36. Rd3 Nc5 37. Rd1 Ra8 38. Rh3 Na4 39. Rd3 Nc5 40. Rd1 Na4 41. Rd3 Nc5 42. Rd1 1/2-1/2